000 00651nam a2200265Ia 4500
005 20260121125612.0
008 008 260114s9999 xx 000 0 eng d
020 _a9781685853778
037 _aEBOOK
040 _aCRL
040 _beng
040 _cCRL
041 _2eng
041 _aeng
084 _qCRL
100 _aAyoob, Mohammed
_9995747
245 4 _aThe Third World Security Predicament
260 _bWalter de Gruyter
260 _bWalter de Gruyter
650 _aPolitical Science
_9995748
856 _uhttp://www.degruyter.com/isbn/9781685853778
942 _cEBOOK
999 _c1563156
_d1563156